000 00392 a2200085 4500
999 _c20180
_d20180
003 WA 310
005 20220214103651.0
008 220214s2007 pl |||f u||| 000 0dpol d
020 _a9788325123710
040 _aWA 310
_cWA 310
041 _apol
_heng
245 0 0 _aProcedury badań światłowodowych podsystemów telekomunikacyjnych - Część 4-1: Sieci i łącza kablowe - Pomiar tłumienności wielomodowej światłowodowej sieci kablowej =
_bFibre-optic communication subsystem test procedures - Part 4-1: Cable plant and links - Multimode fibre-optic cable plant attenuation measurement PN-EN 61280-4-1:2007P /
_cKT nr 282.
246 1 3 _aPN-EN 61280-4-1
246 1 3 _aICS 33.180.01
246 1 3 _aPolska Norma
246 3 1 _aFibre-optic communication subsystem test procedures - Part 4-1: Cable plant and links - Multimode fibre-optic cable plant attenuation measurement
260 _aWarszawa :
_bPKN,
_c2007.
300 _a19 stron ;
_c30 cm.
336 _2rdacontent
_aTekst
_btxt
337 _2rdamedia
_aBez urządzenia pośredniczącego
_bn
338 _2rdacarrier
_aWolumin
_bnc
500 _aWprowadza EN 61280-4-1:2004, IDT, IEC 61280-4-1:2003, IDT ; Zastępuje PN-EN 61280-4-1:2004 (U) ; Zatwierdzona 9 marca 2007 r.
500 _aNorma Europejska EN 61280-4-1:2004 ma status Polskiej Normy.
504 _aBibliografia na stronie 18.
590 _6Status: wycofana ; Zastąpiona przez PN-EN 61280-4-1:2010 wersja angielska.
710 _91107
_aPolska.
_bPolski Komitet Normalizacyjny.
_eInstytucja sprawcza
_eWydawca
920 _a978-83-251-2371-0
942 _2ddc
_cBK